| 000 | 00000nam##2200000za#4500 |
| 001 | 9.599716 |
| 003 | CaOODSP |
| 005 | 20240501092931 |
| 007 | cr ||||||||||| |
| 008 | 150406|2005||||xxc|||||o f|0| 0 fre|d |
| 040 | |aCaOODSP|bfre |
| 043 | |an-cn--- |
| 086 | 1 |aPS83-3/167F-PDF |
| 110 | 2 |aService correctionnel Canada. |
| 245 | 10|aÉlaboration et essai d'une échelle sexospécifique de réévaluation du niveau de sécurité pour les délinquantes / |h[ressource électronique]|c[par] Kelley Blanchette et Kelly Taylor. |
| 260 | |bService correctionnel Canada |cMai 2005. |
| 300 | |a94p.|bgraphiques, références, tableaux |
| 490 | 1 |aRapport de recherche|vR-167 |
| 590 | |a10-11-Supp|b2010-11-10 |
| 720 | 1 |aBlanchette, Kelley |
| 720 | 1 |aTaylor, Kelly |
| 775 | 08|tDevelopment and field-test of a gender-informed security reclassification scale for women offenders / |w(CaOODSP)9.568435 |
| 830 | #0|aRapport de recherche (Service correctionnel Canada. Direction de la recherche)|vR-167|w(CaOODSP)9.502465 |
| 856 | 40|ahttp://publications.gc.ca|qPDF|s358 Ko|uhttps://publications.gc.ca/collections/collection_2010/scc-csc/PS83-3-167-fra.pdf|yR-167 |